Bhagat Singh (Record no. 958596)

MARC details
000 -LEADER
fixed length control field 00251nam a2200109Ia 4500
008 - FIXED-LENGTH DATA ELEMENTS--GENERAL INFORMATION
fixed length control field 231212s1983 xx 000 0 und d
041 ## - LANGUAGE CODE
Language code of text/sound track or separate title eng
082 ## - DEWEY DECIMAL CLASSIFICATION NUMBER
Classification number 491.93
100 ## - MAIN ENTRY--PERSONAL NAME
Personal name Thakur Gopal
245 ## - TITLE STATEMENT
Title Bhagat Singh
260 ## - PUBLICATION, DISTRIBUTION, ETC.
Place of publication, distribution, etc. New Delhi
Name of publisher, distributor, etc. Mascow
Date of publication, distribution, etc. 1983
Holdings
Withdrawn status Lost status Damaged status Not for loan Home library Current library Date acquired Cost, normal purchase price Total Checkouts Full call number Barcode Date last seen Price effective from Koha item type
        Institute of Technology (Poly) , Navi Mumbai Institute of Technology (Poly) , Navi Mumbai 13/12/2023 6.00   491.93 ITM-P-1448 13/12/2023 13/12/2023 Book